000 00428pab a2200169 454500
008 180718b2002 xxu||||| |||| 00| 0 eng d
100 _aSilka, Linda
245 _aImmigrants, sustainability and emerging roles for universities
260 _c2002
300 _ap.119-23.
362 _aSep
650 _aSustainable development
650 _aImmigrants
650 _aUniversities
773 _aDevelopment
909 _a54497
999 _c54497
_d54497